[Event "Rohde op 09th"]
[Site "Sautron"]
[Date "2009.10.27"]
[Round "5"]
[White "Couchet, Renaud"]
[Black "Peynichon, Jean Charles"]
[Result "0-1"]
[WhiteElo "1732"]
[BlackElo "1860"]
[PlyCount "48"]
[EventDate "2009.10.24"]
[EventType "swiss"]
[EventRounds "9"]
[EventCountry "FRA"]
[SourceTitle "EXT 2010"]
[Source "ChessBase"]
[SourceDate "2010.11.25"]
[SourceVersion "1"]
[SourceVersionDate "2010.11.25"]
[SourceQuality "1"]

1. e4 e6 2. d4 d5 3. e5 c5 4. c3 Nc6 5. Nf3 Nge7 6. Bd3 cxd4 7. cxd4 Nf5 8. Bxf5 exf5 9. 0-0 Be6 10. a3 a5 11. Nc3 h6 12. h4 Be7 13. g3 g5 14. hxg5 hxg5 15. Kg2 f4 16. Rh1 Rxh1 17. Qxh1 g4 18. Nh4 f3+ 19. Kg1 Nxd4 20. Bf4 Qb6 21. Rb1 Rc8 22. Kh2 Ne2 23. Be3 d4 24. Nxe2 dxe3 0-1

[Event "Rohde op 09th"]
[Site "Sautron"]
[Date "2009.10.26"]
[Round "3"]
[White "Peynichon, Jean Charles"]
[Black "Ivanov, Jordan"]
[Result "0-1"]
[WhiteElo "1860"]
[BlackElo "2408"]
[PlyCount "60"]
[EventDate "2009.10.24"]
[EventType "swiss"]
[EventRounds "9"]
[EventCountry "FRA"]
[SourceTitle "EXT 2010"]
[Source "ChessBase"]
[SourceDate "2010.11.25"]
[SourceVersion "1"]
[SourceVersionDate "2010.11.25"]
[SourceQuality "1"]

1. d4 Nf6 2. c4 g6 3. Nc3 Bg7 4. e4 0-0 5. Be3 d6 6. f3 a6 7. Qd2 Nc6 8. Nge2 Rb8 9. Nc1 e5 10. d5 Nd4 11. Nb3 c5 12. dxc6 bxc6 13. Nxd4 exd4 14. Bxd4 d5 15. exd5 Re8+ 16. Be2 cxd5 17. 0-0 dxc4 18. Rad1 Be6 19. Rfe1 Qc7 20. Bf1 Red8 21. Qg5 Ng4 22. fxg4 Bxd4+ 23. Rxd4 Rxd4 24. Ne4 Rxe4 25. Rxe4 Rxb2 26. Qf6 Qb6+ 27. Qd4 Qxd4+ 28. Rxd4 c3 29. Rc4 c2 30. Rc3 Rxa2 0-1

[Event "Rohde op 08th"]
[Site "Sautron"]
[Date "2008.10.27"]
[Round "4"]
[White "Peynichon, Jean Charles"]
[Black "Caillot, Arnaud"]
[Result "1-0"]
[WhiteElo "1846"]
[BlackElo "1731"]
[PlyCount "53"]
[EventDate "2008.10.25"]
[EventType "swiss"]
[EventRounds "9"]
[EventCountry "FRA"]
[SourceTitle "EXT 2009"]
[Source "ChessBase"]
[SourceDate "2008.11.26"]
[SourceVersion "1"]
[SourceVersionDate "2008.11.26"]
[SourceQuality "1"]

1. d4 Nf6 2. c4 e6 3. Nc3 d5 4. Bg5 Be7 5. e3 0-0 6. Nf3 Nbd7 7. Rc1 c6 8. Bd3 b6 9. 0-0 Bb7 10. cxd5 exd5 11. Re1 h6 12. Bh4 Re8 13. Bg3 Nh5 14. Be5 Nxe5 15. Nxe5 Nf6 16. f4 Bd6 17. Qf3 Rc8 18. Rc2 a6 19. Rf2 c5 20. g4 Nh7 21. g5 cxd4 22. exd4 f6 23. gxf6 Qxf6 24. Nxd5 Qe6 25. Qe4 Nf6 26. Nxf6+ gxf6 27. Qh7+ 1-0